000 00395cam a2200157ua 4500
001 6021
008 131101n ii |||gr||||Z||||||eng
040 _cMAIN
082 _a956
245 _aShort History of The Middle East
_cBy S.L.Roy
260 _aCalcutta:
_bCharu Publishing Company.
300 _aii,213p.
653 _aMiddle East (Near East)
700 _aRoy,S.L.,
_eAuthor.
942 _cBK
999 _c5174
_d5174